01007nam a2200205 a 450000100100000000500170001000800410002702000150006804000250008310000260010824501240013426001040025830000360036250000420039871000560044071000710049695201050056795201120067299900170078400004311020250115114738.0140219s2001 sp ac 000 0 spa d a8436934903 aDO-SdBNPbspacBNPHU1 aVera, Cristino97064410aCristino de Vera :bmuseo arqueológico nacional, 19 de diciembre de 2001 - 17 de febrero de 2002 /cCristino de Vera. a[Madrid] :bMinisterio de Educación, Cultura y DeportebSecretaría de Estado de Cultura,c2001. a157 p. :bil., retrs. ;c26 cm. aIncluye datos biografícos del autor12aMinisterio de Educación, Cultura y Deporte96091412a República Dominicana.b Secretaría de Estado de Cultura96453 001050718MOaGRbGRcHDd2014-02-19iLF1l0o p43110-10r2020-06-25w2020-06-25y1ZNo se presta 001150718MOaGRbGRcMId2014-03-13iLF1l0o p43110-20r2020-06-25te. 2w2020-06-25y1ZNo se presta c42599d42599